|
|
|
|
| LEADER |
01007nab a2200277 i 4500 |
| 001 |
publ20189 |
| 005 |
20210112111015.0 |
| 008 |
210112s2017 hu o 0|| zxx d |
| 022 |
|
|
|a 0133-5596
|
| 024 |
7 |
|
|a 10.26430/CHUNGARICA.2017.47.3.195
|2 doi
|
| 024 |
7 |
|
|a 30733339
|2 mtmt
|
| 040 |
|
|
|a SZTE Publicatio Repozitórium
|b hun
|
| 041 |
|
|
|a zxx
|
| 100 |
1 |
|
|a Tahin Tamás
|
| 245 |
1 |
0 |
|a Szív-elektrofiziológiai vizsgálatok és katéterablációk számának alakulása Magyarországon 2014 és 2016 között
|h [elektronikus dokumentum] /
|c Tahin Tamás
|
| 260 |
|
|
|c 2017
|
| 300 |
|
|
|a 195-199
|
| 490 |
0 |
|
|a CARDIOLOGIA HUNGARICA
|v 47 No. 3
|
| 700 |
0 |
1 |
|a Riba Ádám
|e aut
|
| 700 |
0 |
1 |
|a Clemens Marcell
|e aut
|
| 700 |
0 |
1 |
|a Földesi Csaba
|e aut
|
| 700 |
0 |
1 |
|a Duray Gábor Zoltán
|e aut
|
| 700 |
0 |
1 |
|a Gellér László Alajos
|e aut
|
| 700 |
0 |
1 |
|a Merkely Béla Péter
|e aut
|
| 700 |
0 |
1 |
|a Sághy László
|e aut
|
| 856 |
4 |
0 |
|u http://publicatio.bibl.u-szeged.hu/20189/1/Pages-from-CH_2017_3-TahinTamas.pdf
|z Dokumentum-elérés
|